Nature - Statistics

General Stats
  • This quiz has been taken 350 times
  • The average score is 5 of 10
Answer Stats
Question Answer % Correct
What is an oryx? Antelope
83%
Which rock type is formed by cooling lava/magma? Igneous
68%
Metatarsal bones are found where in the body? The foot
60%
What is an epiphyte? An organism that grows on the surface of a plant
56%
What is the bent lake left behind by a winding river called? Oxbow lake
54%
In the Northern Hemisphere, moss tends to grow on the side of the tree facing the... North
48%
The White-Tailed Trogon will make its nest... in holes (decaying trees, termite mounds, etc)
41%
What sort of cloud is a rain cloud? Nimbus
33%
What is the lifespan of a human red blood cell? 120 days
31%
The Rafflesia Arnoldii, known for being the largest flower in the world (and the stinkiest), is found where? Sumatra
26%
No matching quizzes found
Score Distribution
Percent of People with Each Score
Percentile by Number Answered
Your Score History
You have not taken this quiz